000
00323 a2200169 4500
001
182749
020
_a
85-00-62888-X
040
_c
Magnum
100
_a
Cunha, Leo
240
1
0
_a
A gula
_l
por
245
1
0
_a
A gula
300
_a
95
362
0
_a
1999
440
1
_a
Ediouro
697
_a
LITERATURA GERAL
942
_c
BK
999
_c
182749
_d
182749